| 000 | 02158nam a2200421 c 4500 | ||
|---|---|---|---|
| 003 | BLK | ||
| 005 | 20240911162755.0 | ||
| 008 | 180413b bul|||||r ||||||| ||bul|| | ||
| 010 | _aKNG00022047000 | ||
| 020 |
_a978-954-18-0769-9 _bиздат.: Булвест 2000 |
||
| 040 | _aBLK | ||
| 041 |
_aBUL _cBUL |
||
| 072 | 7 |
_2bullib _aН372 _xУчебни предмети. Учебници Н |
|
| 080 |
_aБългарска литература в основното училище. Методика на обучението _b373.3.016:821.163.2 _x(076)(075.2) _z373.3.016:821.163.2(076)(075.2) |
||
| 080 |
_aТеория на литературата. Литературна техника _b82.01/.09 _x(076)(075.2) _z82.01/.09(076)(075.2) |
||
| 100 | 1 |
_aГерджикова, Мария Димитрова _eпърви автор _9364033 |
|
| 700 | 1 |
_aПопова, Олга Ставрева _eсъавт. _9264180 |
|
| 700 |
_aКръстева, Илияна Йорданова _9264181 |
||
| 139 |
_aГерджикова, Мария Димитрова и др. _bГ 38 |
||
| 245 | 1 | 0 |
_aЛитература VІІ клас _bПомагало за задължителноизбираема подготовка _cМария Димитрова Герджикова; съавт. Олга Ставрева Попова; съавт. Илияна Йорданова Кръстева. |
| 257 | _aBGR | ||
| 260 |
_аСофия _bБулвест 2000 _c2010 _fСофия : Вулкан |
||
| 300 |
_a140 с. _c26 см |
||
| 380 | _a3 | ||
| 650 | 4 |
_aБългарска литература - учебници за основни училища _9250869 |
|
| 650 | 4 |
_aСъчинение и преразказ - учебници за основни училища _9242721 |
|
| 653 | _aбългарска литература | ||
| 653 | _aсъчинение | ||
| 653 | _aпреразказ | ||
| 653 | _aVІІ кл. | ||
| 659 | _aН | ||
| 852 | _aЦб ІІ 16651 | ||
| 856 | 4 |
_qpdf _u |
|
| 856 | 4 |
_qpdf _u |
|
| 942 |
_cKNG _n0 _01 |
||
| 944 |
_aCR _c28.03.2011 _lКети Илиева _k30550 |
||
| 944 |
_aED _c14.04.2011 _lф / _k |
||
| 999 |
_c19887 _d19887 |
||